Van Nostrand's scientific encyclopedia / (Record no. 255410)
[ view plain ]
| 000 -LEADER | |
|---|---|
| fixed length control field | 01833cam a2200385 a 4500 |
| 001 - CONTROL NUMBER | |
| control field | 13821808 |
| 003 - CONTROL NUMBER IDENTIFIER | |
| control field | OSt |
| 005 - DATE AND TIME OF LATEST TRANSACTION | |
| control field | 20170208114332.0 |
| 008 - FIXED-LENGTH DATA ELEMENTS--GENERAL INFORMATION | |
| fixed length control field | 041221s2002 nyua be 001 0 eng |
| 010 ## - LIBRARY OF CONGRESS CONTROL NUMBER | |
| LC control number | 2004276416 |
| 020 ## - INTERNATIONAL STANDARD BOOK NUMBER | |
| International Standard Book Number | 0471332305 (set : acidfree paper) |
| 040 ## - CATALOGING SOURCE | |
| Original cataloging agency | DLC |
| Transcribing agency | DLC |
| Modifying agency | DLC |
| 050 00 - LIBRARY OF CONGRESS CALL NUMBER | |
| Classification number | Q121 |
| Item number | .V3 2002 |
| 082 00 - DEWEY DECIMAL CLASSIFICATION NUMBER | |
| Classification number | 503 |
| Edition number | 22 |
| 110 ## - MAIN ENTRY--CORPORATE NAME | |
| Corporate name or jurisdiction name as entry element | RU |
| 245 00 - TITLE STATEMENT | |
| Title | Van Nostrand's scientific encyclopedia / |
| Statement of responsibility, etc | Glenn D. Considine, editor ; Peter H. Kulik, associate editor. |
| 246 30 - VARYING FORM OF TITLE | |
| Title proper/short title | Scientific encyclopedia |
| 250 ## - EDITION STATEMENT | |
| Edition statement | 9th ed. |
| 260 ## - PUBLICATION, DISTRIBUTION, ETC. (IMPRINT) | |
| Place of publication, distribution, etc | New York, NY : |
| Name of publisher, distributor, etc | Wiley-Interscience, |
| Date of publication, distribution, etc | c2002. |
| 300 ## - PHYSICAL DESCRIPTION | |
| Extent | 2 v. : |
| Other physical details | ill. ; |
| Dimensions | 29 cm. |
| 440 ## - SERIES STATEMENT/ADDED ENTRY--TITLE | |
| Title | SCIENTIFIC ENCYCLOPEDIA |
| 500 ## - GENERAL NOTE | |
| General note | "Animal life, biosciences, chemistry, Earth and atmospheric sciences, energy sources and power technology, mathematics and engineering sciences, medicine, anatomy, and physiology, physics, plant sciences, space and planetary sciences." |
| 504 ## - BIBLIOGRAPHY, ETC. NOTE | |
| Bibliography, etc | Includes bibliographical references and index. |
| 505 1# - FORMATTED CONTENTS NOTE | |
| Formatted contents note | v. 1. A-K -- v. 2. L-Z, index. |
| 650 #0 - SUBJECT ADDED ENTRY--TOPICAL TERM | |
| Topical term or geographic name as entry element | Science |
| Form subdivision | Encyclopedias. |
| Topical term or geographic name as entry element | Engineering |
| Form subdivision | Encyclopedias. |
| 700 1# - ADDED ENTRY--PERSONAL NAME | |
| Personal name | Considine, Glenn D. |
| Personal name | Kulik, Peter H. |
| 856 42 - ELECTRONIC LOCATION AND ACCESS | |
| Materials specified | Publisher description |
| Uniform Resource Identifier | <a href="http://www.loc.gov/catdir/enhancements/fy0620/2004276416-d.html">http://www.loc.gov/catdir/enhancements/fy0620/2004276416-d.html</a> |
| Materials specified | Table of contents only |
| Uniform Resource Identifier | <a href="http://www.loc.gov/catdir/enhancements/fy0620/2004276416-t.html">http://www.loc.gov/catdir/enhancements/fy0620/2004276416-t.html</a> |
| 906 ## - LOCAL DATA ELEMENT F, LDF (RLIN) | |
| a | 7 |
| b | cbc |
| c | origcop |
| d | 2 |
| e | ncip |
| f | 20 |
| g | y-gencatlg |
| 942 ## - ADDED ENTRY ELEMENTS (KOHA) | |
| Source of classification or shelving scheme | Library of Congress Classification |
| Koha item type | Long Loan Books |
| Withdrawn status | Lost status | Source of classification or shelving scheme | Damaged status | Not for loan | Home library | Current library | Date acquired | Source of acquisition | Total Checkouts | Full call number | Barcode | Date last seen | Price effective from | Koha item type | Collection code | Shelving location |
|---|---|---|---|---|---|---|---|---|---|---|---|---|---|---|---|---|
| Library of Congress Classification | Rongo University Library | Rongo University Library | 08/02/2017 | Donation | Q121 .V3 2002 | 201617431 | 08/02/2017 | 08/02/2017 | Long Loan Books | |||||||
| Library of Congress Classification | Rongo University Library | Rongo University Library | 23/02/2017 | Q121 .V3 2002 | 201617114 | 23/02/2017 | 23/02/2017 | Long Loan Books | Non-fiction | General Stacks |
